|
|
|
|
| LEADER |
01503nam a2200385Ia 4500 |
| 001 |
EBC605151 |
| 003 |
MiAaPQ |
| 005 |
20200520144314.0 |
| 006 |
m o d | |
| 007 |
cr cn||||||||| |
| 008 |
100513s2010 enkab sb 001 0 eng d |
| 010 |
|
|
|z 2010020552
|
| 020 |
|
|
|z 9781409408222
|
| 020 |
|
|
|z 9781409408239
|
| 035 |
|
|
|a (MiAaPQ)EBC605151
|
| 035 |
|
|
|a (Au-PeEL)EBL605151
|
| 035 |
|
|
|a (CaPaEBR)ebr10428183
|
| 035 |
|
|
|a (CaONFJC)MIL918981
|
| 035 |
|
|
|a (OCoLC)689997339
|
| 040 |
|
|
|a MiAaPQ
|c MiAaPQ
|d MiAaPQ
|
| 050 |
|
4 |
|a HE560.D76
|b R36 2010
|
| 082 |
0 |
4 |
|a 387.1095357
|2 22
|
| 100 |
1 |
|
|a Ramos, Stephen J.
|
| 245 |
1 |
0 |
|a Dubai amplified
|h [electronic resource] :
|b the engineering of a port geography /
|c Stephen J. Ramos.
|
| 260 |
|
|
|a Farnham, Surrey, England ;
|a Burlington, VT :
|b Ashgate Pub. Ltd.,
|c c2010.
|
| 300 |
|
|
|a x, 200 p. :
|b ill., maps.
|
| 490 |
1 |
|
|a Design and the built environment
|
| 504 |
|
|
|a Includes bibliographical references and index.
|
| 533 |
|
|
|a Electronic reproduction. Ann Arbor, MI : ProQuest, 2015. Available via World Wide Web. Access may be limited to ProQuest affiliated libraries.
|
| 650 |
|
0 |
|a Harbors
|z United Arab Emirates
|z Dubayy (Emirate)
|
| 650 |
|
0 |
|a Infrastructure (Economics)
|z United Arab Emirates
|z Dubayy (Emirate)
|
| 655 |
|
4 |
|a Electronic books.
|
| 710 |
2 |
|
|a ProQuest (Firm)
|
| 830 |
|
0 |
|a Design and the built environment series.
|
| 856 |
4 |
0 |
|u https://ebookcentral.proquest.com/lib/matrademy/detail.action?docID=605151
|z Click to View
|